000 01022nam a2200265 i 4500
001 6225
003 ES-MaACL
005 20230906144835.0
007 t|
008 890830s1987 sp ||||0| spa d
020 _a84-7506-207-5
080 _a7(438)"1887/1982"Rubinstein
245 0 0 _aRubinstein y España
_b: exposicion homenaje a Arturo Rubinstein /
_corganizada por el IX Concurso internacional de piano Paloma O'Shea ; bajo el patrocinio de la Fundacion Isaac Albeniz.
260 _a[S.l. :
_bs.n.],
_cD.L. 1987 (
_eMadrid :
_fOMNIA)
300 _a368 p. :
_bil. ;
_c35 cm.
500 _aIncluye partituras.
600 1 4 _aRubinstein, Artur-
_vExposiciones.
_9100332
655 7 _2tgfbne
_9193628
_aCatálogos de exposiciones
700 1 _aO'Shea, Paloma.
_986368
710 2 _aFundación Albéniz.
_94210
711 2 _aConcurso Internacional de Piano Paloma O'Shea (
_n9º.
_d1987.
_cSantander)
_9130
852 _aES-MaACL
_jL-13332
_bR.116225
_z. - tela
942 _2udc
999 _c6225
_d6225